| 000 | 00358nam a22001217a 4500 | ||
|---|---|---|---|
| 999 |
_c3729 _d3729 |
||
| 005 | 20201215144925.0 | ||
| 008 | 201215b ||||| |||| 00| 0 eng d | ||
| 020 | _a9780205578429 | ||
| 040 | _cCML | ||
| 245 |
_aEducational Leadership. _cCunningham W.G. |
||
| 260 |
_aBoston _bPearson Education _c2001 |
||
| 942 |
_2ddc _cBK _e1st Edition _h371 _mCUM |
||